000
002780000a22000970004500
100
1
_a
Hamilton, Tim
245
1
0
_a
Life a beach : Tourism could bring big benefits, but mostly it tamples om the poor
300
_a
Num. 12, (2000), Páginas 18-19
773
0
_t
Teartimes
942
_c
ANA
999
_c
55880
_d
55880